00829nam a2200217 a 450000100100000000500170001000800410002704000250006808200150009310000500010824501020015826000310026030000400029149000250033150400380035670000390039483000330043304900090046695201190047599900170059400002580520200930024049.0110222s1966 sp ac r 000 0 spa d aDO-SdBNPbspacBNPHU aNNNbA749p1 aArniches y Barrera, Carlos,d1866-194391556910aLa pareja científica y otros sainetes /cCarlos Arniches ; edición de José Montero Padilla. aSalamanca :bAnaya,c1966. a67, [8] p. :bil., retrs. ;c17 cm.1 aBiblioteca Anayav49 aIncluye bibliografia (p. [28]-29)1 aMontero Padilla, Joséeed.99745 0aBiblioteca Anaya ;v4998674 aBNGR 001054708MOaGRbGRcCTd2011-02-22iLF1l0oNNN A749pp25805-10r2020-06-25w2020-06-25y4ZPréstamo en sala c25297d25297